熊本県の戦前市制・町制 - Statistics

General Stats
  • This quiz has been taken 95 times
  • The average score is 30 of 52
Answer Stats
施行日 施行内容 所属郡 回答 % Correct
1889.04.01 市制 (市) 熊本市
100%
1940.09.01 市制 (市) 八代市
89%
町制 八代郡 八代町
86%
1893.11.13 町制 天草郡 牛深町
86%
町制 球磨郡 人吉町
84%
1898.12.21 町制 天草郡 本渡町
84%
1912.12.01 町制 葦北郡 水俣町
84%
1942.02.11 市制 (市) 人吉市
84%
町制 山鹿郡 山鹿町
82%
町制 阿蘇郡 高森町
82%
1902.09.26 町制 宇土郡 三角町
82%
1919.05.01 町制 玉名郡 荒尾町
82%
町制 宇土郡 宇土町
80%
1926.05.01 町制 球磨郡 多良木町
80%
町制 下益城郡 松橋町
77%
1942.04.01 市制 (市) 荒尾市
77%
町制 玉名郡 長洲町
75%
町制 山本郡 植木町
75%
1935.04.01 町制 阿蘇郡 小国町
75%
町制 球磨郡 湯前町
75%
町制 合志郡 大津町
70%
町制 上益城郡 御船町
70%
町制 上益城郡 甲佐町
70%
町制 玉名郡 南関町
61%
1937.04.01 町制 球磨郡 免田町
59%
町制 菊池郡 隈府町
57%
町制 八代郡 鏡町
57%
町制 上益城郡 木山町
55%
町制 阿蘇郡 内牧町
55%
町制 飽田郡 川尻町
50%
1912.04.01 町制 上益城郡 浜町
50%
町制 山鹿郡 来民町
45%
町制 阿蘇郡 馬見原町
45%
町制 八代郡 宮原町
45%
町制 下益城郡 小川町
41%
1924.04.01 町制 下益城郡 砥用町
41%
1901.01.01 町制 阿蘇郡 宮地町
39%
1902.04.01 町制 葦北郡 日奈久町
39%
町制 飽田郡 高橋町
36%
町制 玉名郡 高瀬町
34%
1903.11.18 町制 葦北郡 佐敷町
34%
1924.04.02 町制 天草郡 登立町
34%
1941.02.11 町制 天草郡 二江町
34%
町制 飽田郡 小島町
32%
町制 玉名郡 大浜町
32%
1916.05.01 町制 宇土郡 松合町
32%
1889.04.01 町制 天草郡 富岡町
30%
1906.04.01 町制 飽託郡 春日町
30%
町制 下益城郡 隈庄町
27%
1899.02.02 町制 玉名郡 伊倉町
27%
1943.07.01 町制 玉名郡 江田町
27%
1936.04.01 町制 八代郡 太田郷町
25%
No matching quizzes found
Score Distribution
Percent of People with Each Score
Percentile by Number Answered
Your Score History
You have not taken this quiz